000
00289nam a2200121Ia 4500
003
GCL
008
140319s9999 xx 000 0 eng d
040
_a
GCL /
_c
GCL
082
0
4
_a
658.409
_b
S W
245
1
0
_a
THE WORKING LEADER
260
_a
[S.N] :
_b
THE FREE PRESS ،
_c
1993
300
_a
277 P
999
_c
20778
_d
20778